Principios de administración de operaciones (Registro nro. 28901)
[ vista simple ]
| 000 -LÍDER | |
|---|---|
| fixed length control field | 00625nam a22002297a 4500 |
| 003 - IDENTIFICADOR DEL NÚMERO DE CONTROL | |
| control field | ITZ |
| 005 - FECHA Y HORA DE LA ULTIMA TRANSACCIÓN | |
| Campo de control | 20230202134806.0 |
| 008 - ELEMENTOS DE LONGITUD FIJA -- INFORMACIÓN GENERAL | |
| fixed length control field | 230202b |||||||| |||| 00| 0 spa d |
| 020 ## - NÚMERO INTERNACIONAL NORMALIZADO PARA LIBROS | |
| ISBN | 978-607-32-2336-2 |
| 035 ## - Número de ficha (Janium) | |
| Número de ficha (Janium) | 17278 |
| 041 ## - CÓDIGO DE IDIOMA | |
| Código de idioma para texto/pista de sonido o título separado | spa |
| 050 ## - SIGNATURA TOPOGRAFICA DE LA BIBLIOTECA DEL CONGRESO (LC) | |
| Número de Clasificación | TS155 |
| Cutter | R46 2014 |
| 082 ## - NUMERO DE CLASIFICACION DECIMAL DEWEY | |
| Número de Clasificación | 658.542 |
| Cutter | R565p 2014 |
| 100 1# - ASIENTO PRINCIPAL--NOMBRE PERSONAL | |
| Nombre personal | Render, Barry |
| 245 ## - TÍTULO | |
| Título | Principios de administración de operaciones |
| Mención de responsabilidad, etc. | Barry Render |
| 250 ## - MENCIÓN DE EDICIÓN | |
| Mención de edición | 9 |
| 260 ## - PUBLICACIÓN, DISTRIBUCIÓN, ETC. (PIE DE IMPRENTA) | |
| Lugar de publicación, distribución, etc. | México |
| Nombre del editor, distribuidor, etc. | Pearson Educación |
| Fecha de publicación, distribución, etc. | 2014 |
| 300 ## - DESCRIPCIÓN FÍSICA | |
| Extensión | 664 p. |
| Dimensiones | 28 cm. |
| 650 ## - ASIENTO SECUNDARIO DE MATERIA - TERMINO TEMÁTICO | |
| Término temático o nombre geográfico como elemento de entrada | 1. ADMINISTRACIÓN DE LA PRODUCCIÓN 2. LIBROS ELECTRÓNICOS |
| 700 ## - ASIENTO SECUNDARIO - NOMBRE PERSONAL | |
| Nombre personal | Heizer, Jay |
| 942 ## - TIPO DE MATERIAL (KOHA) | |
| Koha item type | Libros |
| No. biblioteca | No. biblioteca | Número de clasificación | Código de barras/Número de adquisición | Número de copia | Tipo de material | Otras carreras |
|---|---|---|---|---|---|---|
| ÁREA DE ELECTROMECÁNICA | LUIS G. INCLAN | 658.542 R565p 2014 | 54471 | 5 | Libros | LUIS G. INCLAN |
| ÁREA DE ELECTROMECÁNICA | LUIS G. INCLAN | 658.542 R565p 2014 | 54472 | 6 | Libros | LUIS G. INCLAN |
| ÁREA DE INDUSTRIAL | LUIS G. INCLAN | 658.542 R565p 2014 | 54839 | 7 | Libros | LUIS G. INCLAN |
| ÁREA DE INDUSTRIAL | ÁREA DE INDUSTRIAL | 658.542 R565p 2014 | 53583 | 1 | Libros | INGENIERÍA EN ADMINISTRACIÓN |
| ÁREA DE INDUSTRIAL | ÁREA DE INDUSTRIAL | 658.542 R565p 2014 | 53584 | 2 | Libros | INGENIERÍA EN ADMINISTRACIÓN |
| ÁREA DE INDUSTRIAL | ÁREA DE INDUSTRIAL | 658.542 R565p 2014 | 53585 | 3 | Libros | INGENIERÍA EN ADMINISTRACIÓN |
| ÁREA DE INDUSTRIAL | ÁREA DE INDUSTRIAL | 658.542 R565p 2014 | 53586 | 4 | Libros | INGENIERÍA EN ADMINISTRACIÓN |
